[Event "SRB-chT 1st League CS"]
[Site "Bajina Basta"]
[Date "2021.10.01"]
[Round "9.4"]
[White "Simonovic, Aleksandar"]
[Black "Adzic, Momcilo"]
[Result "1-0"]
[WhiteElo "2361"]
[BlackElo "2195"]
[PlyCount "44"]
[EventDate "2021.09.26"]
[EventType "team-tourn"]
[EventRounds "11"]
[EventCountry "SRB"]
[SourceTitle "EXT 2023"]
[Source "ChessBase"]
[SourceDate "2022.10.05"]
[SourceVersion "1"]
[SourceVersionDate "2022.10.05"]
[SourceQuality "1"]
[WhiteTeam "Kraljevo Sloga"]
[BlackTeam "Kosovska Mitrovica"]
[WhiteTeamCountry "SRB"]
[BlackTeamCountry "SRB"]

1. e4 c5 2. c3 Nf6 3. e5 Nd5 4. Nf3 Nc6 5. d4 cxd4 6. Bc4 Nb6 7. Bb3 d5 8. exd6 Qxd6 9. 0-0 d3 10. Na3 Bf5 11. Nb5 Qd7 12. Bf4 Rc8 13. Re1 e6 14. Nh4 Bg6 15. Nxg6 hxg6 16. Re3 Bc5 17. Rxd3 Qe7 18. Bd6 Qh4 19. Qf3 Nd8 20. Rad1 Rh5 21. Bg3 Qe7 22. Nc7+ Kf8 1-0

[Event "SRB-chT 1st League"]
[Site "Bajina Basta"]
[Date "2020.10.12"]
[Round "4.3"]
[White "Simonovic, Aleksandar"]
[Black "Radovic, Janko"]
[Result "1/2-1/2"]
[WhiteElo "2375"]
[BlackElo "2433"]
[PlyCount "37"]
[EventDate "2020.10.10"]
[EventType "team-tourn"]
[EventRounds "11"]
[EventCountry "SRB"]
[SourceTitle "CBM 198 Extra"]
[Source "ChessBase"]
[SourceDate "2020.11.30"]
[SourceVersion "1"]
[SourceVersionDate "2020.11.30"]
[SourceQuality "1"]
[WhiteTeam "Kraljevo Sloga"]
[BlackTeam "Kragujevac Radnicki"]
[WhiteTeamCountry "SRB"]
[BlackTeamCountry "SRB"]

1. e4 c5 2. Nf3 d6 3. Bb5+ Nd7 4. 0-0 a6 5. Bxd7+ Bxd7 6. d4 cxd4 7. Qxd4 e5 8. Qd3 h6 9. c4 b5 10. Nc3 bxc4 11. Qxc4 Nf6 12. Re1 Be7 13. b3 0-0 14. Bb2 Qa5 15. Qd3 Rfc8 16. Nd2 Be6 17. Nf1 Bd8 18. Ne3 Bb6 19. h3 1/2-1/2

[Event "SRB-chT 1st League"]
[Site "Bajina Basta"]
[Date "2020.10.10"]
[Round "1.6"]
[White "Popovic, Nenad"]
[Black "Simonovic, Aleksandar"]
[Result "1/2-1/2"]
[WhiteElo "2249"]
[BlackElo "2375"]
[PlyCount "28"]
[EventDate "2020.10.10"]
[EventType "team-tourn"]
[EventRounds "11"]
[EventCountry "SRB"]
[SourceTitle "CBM 198 Extra"]
[Source "ChessBase"]
[SourceDate "2020.11.30"]
[SourceVersion "1"]
[SourceVersionDate "2020.11.30"]
[SourceQuality "1"]
[WhiteTeam "Valjevo Sveti Nikolaj"]
[BlackTeam "Kraljevo Sloga"]
[WhiteTeamCountry "SRB"]
[BlackTeamCountry "SRB"]

1. c4 c5 2. Nf3 Nc6 3. d4 cxd4 4. Nxd4 g6 5. e4 Bg7 6. Be3 Nf6 7. f3 0-0 8. Qd2 d6 9. Nc3 Bd7 10. Be2 Nxd4 11. Bxd4 Bc6 12. 0-0 a5 13. Rfc1 Nd7 14. Be3 Nc5 1/2-1/2

[Event "SRB-chT"]
[Site "Subotica"]
[Date "2019.08.29"]
[Round "8.6"]
[White "Markovic, Miroslav"]
[Black "Simonovic, Aleksandar"]
[Result "0-1"]
[WhiteElo "2394"]
[BlackElo "2357"]
[PlyCount "108"]
[EventDate "2019.08.22"]
[EventType "team-tourn"]
[EventRounds "11"]
[EventCountry "SRB"]
[SourceTitle "EXT 2020"]
[Source "ChessBase"]
[SourceDate "2019.10.17"]
[SourceVersion "1"]
[SourceVersionDate "2019.10.17"]
[SourceQuality "1"]
[WhiteTeam "Valjevo 2005"]
[BlackTeam "Kraljevo Sloga Turist"]
[WhiteTeamCountry "SRB"]
[BlackTeamCountry "SRB"]

1. e4 c5 2. Nf3 Nc6 3. c3 Nf6 4. e5 Nd5 5. d4 cxd4 6. Bc4 Nb6 7. Bb3 d5 8. exd6 Qxd6 9. Na3 dxc3 10. Qe2 a6 11. 0-0 e6 12. Rd1 Qc7 13. g3 Bc5 14. Ng5 Nd4 15. Rxd4 Bxd4 16. bxc3 Bc5 17. Nc2 Qe7 18. Qh5 g6 19. Qh6 Bd7 20. Ne4 f6 21. Rb1 0-0-0 22. Be3 Bxe3 23. Qxe3 Bc6 24. Nd4 Bxe4 25. Bxe6+ Kc7 26. Qxe4 Rhe8 27. Qf4+ Qd6 28. Qxf6 Nd5 29. Qh4 Rxe6 30. Nxe6+ Qxe6 31. Qxh7+ Rd7 32. Qh8 Nb6 33. Qh6 Qe4 34. Rf1 Nc4 35. f3 Qe3+ 36. Qxe3 Nxe3 37. Re1 Nd5 38. c4 Nb4 39. Re2 Kc6 40. a3 Nd3 41. h4 Kc5 42. Re6 Rd6 43. Re4 Nb2 44. g4 Nxc4 45. f4 b5 46. g5 Kd5 47. Re8 Re6 48. Rf8 Nd6 49. Kf2 Re8 50. Rxe8 Nxe8 51. f5 gxf5 52. h5 Ke6 53. Ke3 a5 54. Kf4 Ng7 0-1

[Event "SRB-chT"]
[Site "Subotica"]
[Date "2019.08.23"]
[Round "2.3"]
[White "Nestorovic, Nikola"]
[Black "Simonovic, Aleksandar"]
[Result "1/2-1/2"]
[WhiteElo "2468"]
[BlackElo "2357"]
[PlyCount "80"]
[EventDate "2019.08.22"]
[EventType "team-tourn"]
[EventRounds "11"]
[EventCountry "SRB"]
[SourceTitle "EXT 2020"]
[Source "ChessBase"]
[SourceDate "2019.10.17"]
[SourceVersion "1"]
[SourceVersionDate "2019.10.17"]
[SourceQuality "1"]
[WhiteTeam "Vladimirci"]
[BlackTeam "Kraljevo Sloga Turist"]
[WhiteTeamCountry "SRB"]
[BlackTeamCountry "SRB"]

1. e4 e6 2. d4 d5 3. Nc3 Nf6 4. Bg5 Bb4 5. e5 h6 6. Bc1 Ne4 7. Qg4 g6 8. Nge2 c5 9. a3 Bxc3+ 10. bxc3 cxd4 11. cxd4 Qa5+ 12. c3 Nc6 13. Be3 Bd7 14. f3 Ng5 15. h4 Nh7 16. Bxh6 0-0-0 17. Qf4 Be8 18. Kf2 Rg8 19. g4 Kb8 20. Qd2 Rc8 21. Qb2 Qc7 22. a4 Na5 23. Qb4 Nc4 24. a5 Ka8 25. Nf4 a6 26. Nd3 Bb5 27. Nc5 Qc6 28. Bd3 f5 29. gxf5 gxf5 30. Rag1 Qe8 31. Bxc4 dxc4 32. Rxg8 Qxg8 33. h5 Qf7 34. Na4 Bxa4 35. Qxa4 Qe7 36. Qb4 Qf7 37. Qd6 f4 38. Rh4 Qf5 39. Bxf4 Rg8 40. Rg4 Rxg4 1/2-1/2

[Event "SRB-chT"]
[Site "Ruma"]
[Date "2017.09.09"]
[Round "9.6"]
[White "Simonovic, Aleksandar"]
[Black "Sarenac, Ivan"]
[Result "1-0"]
[WhiteElo "2360"]
[BlackElo "2425"]
[PlyCount "79"]
[EventDate "2017.09.01"]
[EventType "team-tourn"]
[EventRounds "11"]
[EventCountry "SRB"]
[SourceTitle "CBM 180 Extra"]
[Source "ChessBase"]
[SourceDate "2017.10.06"]
[SourceVersion "1"]
[SourceVersionDate "2017.10.06"]
[SourceQuality "1"]
[WhiteTeam "Kraljevo Sloga Turist"]
[BlackTeam "Belgrade Itaka"]
[WhiteTeamCountry "SRB"]
[BlackTeamCountry "SRB"]

1. e4 Nf6 2. e5 Nd5 3. d4 d6 4. Nf3 Bg4 5. Be2 c6 6. 0-0 Bxf3 7. Bxf3 dxe5 8. dxe5 e6 9. Qe2 Nd7 10. g3 Qc7 11. Re1 Bc5 12. c3 a5 13. b3 0-0 14. Bb2 b5 15. c4 bxc4 16. bxc4 Ne7 17. Nc3 Nf5 18. Na4 Nd4 19. Bxd4 Bxd4 20. Rad1 Nc5 21. Rxd4 Nxa4 22. Rd6 Rab8 23. Bxc6 Rb2 24. Qf3 Nb6 25. c5 Nc4 26. Rc1 Nxd6 27. exd6 Qb8 28. a4 Rb1 29. Rxb1 Qxb1+ 30. Kg2 Qb4 31. Qe3 Qc4 32. Bb5 Qd5+ 33. Kg1 Qd1+ 34. Kg2 Qd5+ 35. f3 Rd8 36. h4 f6 37. Qe4 Kf8 38. Qxd5 exd5 39. Kf2 Kf7 40. c6 1-0

[Event "SRB-chT Central"]
[Site "Kragujevac"]
[Date "2013.09.14"]
[Round "1.6"]
[White "Simonovic, Aleksandar"]
[Black "Marcetic, Nikola"]
[Result "1-0"]
[WhiteElo "2365"]
[BlackElo "2395"]
[PlyCount "67"]
[EventDate "2013.09.14"]
[EventType "team-tourn"]
[EventRounds "11"]
[EventCountry "SRB"]
[SourceTitle "CBM 156 Extra"]
[Source "ChessBase"]
[SourceDate "2013.10.22"]
[SourceVersion "1"]
[SourceVersionDate "2013.10.22"]
[SourceQuality "1"]
[WhiteTeam "Kraljevo Sloga Turist"]
[BlackTeam "Pozega"]
[WhiteTeamCountry "SRB"]
[BlackTeamCountry "SRB"]

1. c4 e6 2. Nc3 d5 3. d4 Nf6 4. Nf3 Be7 5. Bg5 0-0 6. e3 h6 7. Bxf6 Bxf6 8. Qc2 b6 9. 0-0-0 a6 10. h4 g6 11. g4 Bg7 12. Ne5 c5 13. f4 cxd4 14. exd4 dxc4 15. h5 Bb7 16. Bg2 Bxg2 17. Qxg2 Nd7 18. g5 hxg5 19. hxg6 Nxe5 20. dxe5 Qe7 21. Ne4 fxg6 22. Nxg5 c3 23. Rd6 cxb2+ 24. Kb1 Rac8 25. Nxe6 Rc1+ 26. Rxc1 bxc1Q+ 27. Kxc1 Rc8+ 28. Kd2 Qf7 29. Qd5 Bh6 30. Rd7 Bxf4+ 31. Nxf4 Qxd5+ 32. Nxd5 Kf8 33. Kd3 b5 34. Nc7 1-0